| 000 | 00432nam a2200157Ia 4500 | ||
|---|---|---|---|
| 008 | 231217s9999 xx 000 0 und d | ||
| 041 | _aEnglish | ||
| 082 | _a001.6424ORA HEA;1 R | ||
| 100 | _aHearn, O Steve | ||
| 245 | 0 | _aOCP developer PL/SQL program units exam guide | |
| 260 |
_c2002 _bTata McGraw-Hill _aNew Delhi |
||
| 300 | _axxii+499 | ||
| 300 | _cCD1773 | ||
| 650 | _aOCP,developer,PL/SQL,program,exam | ||
| 942 | _cAA | ||
| 999 |
_c174285 _d174285 |
||